000 00661nam a2200217 4500
999 _c10007
_d10007
001 10007
003 BD - JhCC
005 20180404170131.0
008 180404s1959 enka 000 0 eng d
035 _aCURL 020000257720(Edi) from ahmc80
_a(BD - JhCC)10007
040 _aDLC
_cISB
_dOCL
_dm.c
_dEUX
_dBD - JhCC
041 _aeng
082 _bREA 1959
_a759.06
100 1 _aRead, Herbert,
_d1893-1968.
245 1 2 _aA concise history of modern painting /
_cHerbert Read.
260 _aLondon :
_bThames & Hudson,
_c1959.
300 _a376 p. :
_bill. (part col.) ;
_c22 cm.
650 0 _aPainting, Modern
_y20th century.
942 _2ddc
_cREF